| 000 | 01363nam a2200301 a 4500 | ||
|---|---|---|---|
| 001 | ebr10660580 | ||
| 003 | CaPaEBR | ||
| 006 | m u | ||
| 007 | cr cn||||||||| | ||
| 008 | 130306s2013 gw a sb 001 0 eng d | ||
| 020 | _z9783527410569 | ||
| 020 | _z9783527655335 (e-book) | ||
| 040 |
_aCaPaEBR _cCaPaEBR |
||
| 035 | _a(OCoLC)828681833 | ||
| 050 | 1 | 4 |
_aQH212.A25 _bA38 2013eb |
| 245 | 0 | 0 |
_aAdvances in acoustic microscopy and high resolution imaging _h[electronic resource] : _bfrom principles to applications / _cedited by Roman Gr. Maev. |
| 260 |
_aWeinheim : _bWiley, _c2013. |
||
| 300 |
_axxxi, 381 p. : _bill. |
||
| 504 | _aIncludes bibliographical references and index. | ||
| 505 | 0 | _apt. 1. Fundamentals -- pt. 2. Novel development in advanced imaging techniques and methods -- pt. 3. Advanced biomedical applications -- pt. 4. Advanced materials applications. | |
| 533 |
_aElectronic reproduction. _bPalo Alto, Calif. : _cebrary, _d2013. _nAvailable via World Wide Web. _nAccess may be limited to ebrary affiliated libraries. |
||
| 650 | 0 | _aAcoustic microscopy. | |
| 650 | 0 | _aHigh resolution imaging. | |
| 655 | 7 |
_aElectronic books. _2local |
|
| 700 | 1 | _aMaev, Roman Gr. | |
| 710 | 2 | _aebrary, Inc. | |
| 856 | 4 | 0 |
_uhttp://site.ebrary.com/lib/rucke/Doc?id=10660580 _zAn electronic book accessible through the World Wide Web; click to view |
| 999 |
_c67821 _d67821 |
||